Phân tích hiện trạng nghề nuôi cá lồng ở đảo Phú Quốc - tỉnh Kiên Giang : Luận văn tốt nghiệp cao học. Ngành nuôi trồng thủy sản

Đề tài đánh giá hiện trạng môi trường nước trong khu vực nuôi cá lồng ở đảo Phú Quốc, phân tích các chỉ tiêu kinh tế, kỹ thuật và những thuận lợi khó khăn của mô hình nuôi cá lồng. Đề xuất các biện pháp nâng cao hiệu quả kinh tế kỹ...

Disgrifiad llawn

Wedi'i Gadw mewn:
Manylion Llyfryddiaeth
Prif Awdur: Trần, Ngô Minh Toàn
Fformat: Llyfr
Iaith:Undetermined
Cyhoeddwyd: Cần Thơ Trường Đại học Cần Thơ 2012
Pynciau:
Tagiau: Ychwanegu Tag
Dim Tagiau, Byddwch y cyntaf i dagio'r cofnod hwn!
Thư viện lưu trữ: Trung tâm Học liệu Trường Đại học Cần Thơ
LEADER 01438nam a2200229Ia 4500
001 CTU_178722
008 210402s9999 xx 000 0 und d
082 |a 639.8 
082 |b T406 
088 |a 60620301 
100 |a Trần, Ngô Minh Toàn 
245 0 |a Phân tích hiện trạng nghề nuôi cá lồng ở đảo Phú Quốc - tỉnh Kiên Giang : 
245 0 |b Luận văn tốt nghiệp cao học. Ngành nuôi trồng thủy sản 
245 0 |c Trần Ngô Minh Toàn ; Trương Hoàng Minh (Cán bộ hướng dẫn) 
260 |a Cần Thơ 
260 |b Trường Đại học Cần Thơ 
260 |c 2012 
520 |a Đề tài đánh giá hiện trạng môi trường nước trong khu vực nuôi cá lồng ở đảo Phú Quốc, phân tích các chỉ tiêu kinh tế, kỹ thuật và những thuận lợi khó khăn của mô hình nuôi cá lồng. Đề xuất các biện pháp nâng cao hiệu quả kinh tế kỹ thuật và giảm thiểu tác nhân gây ảnh hưởng xấu đến môi trường vùng nuôi cá lồng. 
650 |a Fish culture,Cage aquaculture,Nuôi cá,Lồng nuôi thủy sản 
650 |x Environmental aspects,Khía cạnh môi trường 
904 |i Năm 
980 |a Trung tâm Học liệu Trường Đại học Cần Thơ